[Event "GER OS-383 email"]
[Site "GER email"]
[Date "2019.09.06"]
[Round "?"]
[White "Feldt, Klaus Juergen"]
[Black "Krumm, Guenther"]
[Result "1-0"]
[WhiteElo "1272"]
[BlackElo "1847"]
[PlyCount "81"]
[EventDate "2019.09.06"]
[EventType "tourn (corr)"]
[EventRounds "6"]
[EventCountry "GER"]
[SourceTitle "Corr 2022"]
[Source "ChessBase"]
[SourceDate "2021.10.24"]
[SourceVersion "1"]
[SourceVersionDate "2021.10.24"]
[SourceQuality "1"]

1. e4 c5 2. Nc3 Nc6 3. Nf3 d6 4. Bc4 g6 5. d4 cxd4 6. Nxd4 Bg7 7. Be3 Bd7 8. 0-0 Nf6 9. h3 a6 10. Nf3 0-0 11. a3 b5 12. Be2 Qc7 13. Qd2 Rfd8 14. Bg5 Be6 15. Qf4 Nd7 16. Nd5 Bxd5 17. exd5 Nce5 18. Qc1 Nb6 19. Rd1 Qb7 20. c3 Rab8 21. Qd2 Nec4 22. Bxc4 bxc4 23. a4 a5 24. Be3 Nd7 25. Rab1 Ne5 26. Qe2 Nxf3+ 27. Qxf3 e5 28. Qe2 Qb3 29. Ra1 f5 30. g3 Re8 31. Bc1 Rbc8 32. h4 f4 33. Kg2 h5 34. Rg1 Kh7 35. f3 Bh6 36. Qe4 Qb6 37. g4 hxg4 38. fxg4 Qb7 39. h5 Qf7 40. Kf3 Bg7 41. hxg6+ 1-0

[Event "GER OS-383 email"]
[Site "GER email"]
[Date "2019.09.06"]
[Round "?"]
[White "Krumm, Guenther"]
[Black "Binder, Andreas"]
[Result "1-0"]
[WhiteElo "1847"]
[BlackElo "1806"]
[PlyCount "107"]
[EventDate "2019.09.06"]
[EventType "tourn (corr)"]
[EventRounds "6"]
[EventCountry "GER"]
[SourceTitle "Corr 2022"]
[Source "ChessBase"]
[SourceDate "2021.10.24"]
[SourceVersion "1"]
[SourceVersionDate "2021.10.24"]
[SourceQuality "1"]

1. d4 d5 2. c4 c6 3. Nf3 Nf6 4. Nc3 e6 5. e3 Nbd7 6. Bd3 dxc4 7. Bxc4 b5 8. Bd3 Bb7 9. e4 b4 10. Na4 c5 11. e5 Nd5 12. 0-0 h6 13. Bd2 Rc8 14. Qe2 Qa5 15. a3 Qxa4 16. axb4 Qb3 17. Bc4 Qxb2 18. Rxa7 Rb8 19. Rxb7 Rxb7 20. Bxd5 exd5 21. Qa6 Rxb4 22. e6 fxe6 23. Qxe6+ Kd8 24. Bxb4 cxb4 25. Qxd5 Kc7 26. Qa5+ Kc8 27. Qa6+ Kc7 28. d5 Qc3 29. Rd1 Nb8 30. d6+ Bxd6 31. Qxd6+ Kb7 32. Ne5 Rc8 33. Qd5+ Kb6 34. h3 Rc5 35. Qd8+ Ka7 36. Nd7 Nxd7 37. Rxd7+ Ka6 38. Qa8+ Kb5 39. Rb7+ Kc4 40. Qa2+ Qb3 41. Qe2+ Kc3 42. Qe3+ Kc4 43. Qf4+ Kc3 44. Qc1+ Qc2 45. Qe3+ Kb2 46. Rxb4+ Ka2 47. Qe6+ Ka3 48. Rd4 Qc3 49. Qe4 Qb3 50. Qe7 Qb1+ 51. Kh2 Qb8+ 52. f4 Qc7 53. Qe4 Qa5 54. Qb1 1-0

[Event "GER OS-383 email"]
[Site "GER email"]
[Date "2019.09.06"]
[Round "?"]
[White "Schulz, Peter"]
[Black "Krumm, Guenther"]
[Result "0-1"]
[WhiteElo "1165"]
[BlackElo "1847"]
[PlyCount "50"]
[EventDate "2019.09.06"]
[EventType "tourn (corr)"]
[EventRounds "6"]
[EventCountry "GER"]
[SourceTitle "Corr 2022"]
[Source "ChessBase"]
[SourceDate "2021.10.24"]
[SourceVersion "1"]
[SourceVersionDate "2021.10.24"]
[SourceQuality "1"]

1. Nf3 Nf6 2. d4 e6 3. Bf4 c5 4. c3 Qb6 5. Qc2 cxd4 6. cxd4 Nc6 7. e3 Nb4 8. Qc1 Qa5 9. Nfd2 Qf5 10. Na3 Be7 11. f3 Nfd5 12. Ne4 Nxf4 13. exf4 d5 14. Bb5+ Bd7 15. Bxd7+ Kxd7 16. Nf2 h5 17. 0-0 Rac8 18. Qd2 Bd6 19. Nh3 a6 20. Rfe1 Nd3 21. Red1 Nxf4 22. Nf2 Bxa3 23. bxa3 Rc2 24. Qe3 Qg5 25. g4 Nh3+ 0-1

[Event "GER OS-361 email"]
[Site "GER email"]
[Date "2018.12.10"]
[Round "?"]
[White "Kunze, Juergen"]
[Black "Krumm, Guenther"]
[Result "1-0"]
[WhiteElo "2033"]
[BlackElo "1850"]
[PlyCount "69"]
[EventDate "2018.12.19"]
[EventType "tourn (corr)"]
[EventRounds "6"]
[EventCountry "GER"]
[SourceTitle "Corr 2022"]
[Source "ChessBase"]
[SourceDate "2021.10.24"]
[SourceVersion "1"]
[SourceVersionDate "2021.10.24"]
[SourceQuality "1"]

1. e4 c5 2. Nf3 Nc6 3. d4 cxd4 4. Nxd4 Nf6 5. Nc3 e5 6. Ndb5 d6 7. Bg5 a6 8. Na3 b5 9. Nd5 Be7 10. Bxf6 Bxf6 11. c3 Bg5 12. Nc2 Ne7 13. a4 bxa4 14. Bc4 Bd7 15. h4 Bh6 16. g4 Qc8 17. Qd3 Bxg4 18. Nb6 Qc6 19. Nxa8 0-0 20. Nb4 Qxa8 21. Rxa4 Ng6 22. Nd5 Qd8 23. Rxa6 Kh8 24. Ne3 Qc8 25. Rh2 Bxe3 26. fxe3 Bh5 27. Kd2 Qg4 28. Kc2 Nxh4 29. Rxd6 g5 30. Rd8 Rxd8 31. Qxd8+ Kg7 32. b4 Qg3 33. Rd2 Bg6 34. b5 Bxe4+ 35. Kb3 1-0

[Event "GER OS-360 email"]
[Site "GER email"]
[Date "2018.11.28"]
[Round "?"]
[White "Krumm, Guenther"]
[Black "Kunze, Juergen"]
[Result "1/2-1/2"]
[WhiteElo "1844"]
[BlackElo "1958"]
[PlyCount "52"]
[EventDate "2018.12.06"]
[EventType "tourn (corr)"]
[EventRounds "6"]
[EventCountry "GER"]
[SourceTitle "Corr 2022"]
[Source "ChessBase"]
[SourceDate "2021.10.24"]
[SourceVersion "1"]
[SourceVersionDate "2021.10.24"]
[SourceQuality "1"]

1. d4 Nf6 2. c4 g6 3. Nc3 d5 4. cxd5 Nxd5 5. e4 Nxc3 6. bxc3 Bg7 7. Nf3 c5 8. Rb1 0-0 9. Be2 cxd4 10. cxd4 Qa5+ 11. Qd2 Qxd2+ 12. Bxd2 b6 13. 0-0 e6 14. Bb5 Bb7 15. Rfe1 Rc8 16. a4 a6 17. Bd3 Nd7 18. Kf1 a5 19. e5 Bc6 20. Ra1 Bf8 21. Rec1 f6 22. Rxc6 Rxc6 23. Be4 Rac8 24. Bxc6 Rxc6 25. Rc1 Rxc1+ 26. Bxc1 fxe5 1/2-1/2

[Event "GER HS-236 email"]
[Site "GER email"]
[Date "2018.02.10"]
[Round "?"]
[White "Krumm, Guenther"]
[Black "Granz, Thomas"]
[Result "0-1"]
[WhiteElo "1851"]
[BlackElo "1866"]
[PlyCount "132"]
[EventDate "2018.02.19"]
[EventType "tourn (corr)"]
[EventRounds "6"]
[EventCountry "GER"]
[SourceTitle "Corr 2022"]
[Source "ChessBase"]
[SourceDate "2021.10.24"]
[SourceVersion "1"]
[SourceVersionDate "2021.10.24"]
[SourceQuality "1"]

1. d4 Nf6 2. c4 e6 3. Nf3 d5 4. Nc3 Be7 5. Bf4 0-0 6. e3 Nbd7 7. Bd3 c5 8. 0-0 cxd4 9. exd4 dxc4 10. Bxc4 Nb6 11. Bd3 Nbd5 12. Bg3 b6 13. Rc1 Bb7 14. Re1 Rc8 15. Ne5 Bb4 16. Qd2 Nh5 17. a3 Bd6 18. Nxd5 Rxc1 19. Rxc1 Bxd5 20. Rc3 Nxg3 21. hxg3 Qa8 22. Nc4 Bxc4 23. Bxc4 Rc8 24. g4 h6 25. g3 Be7 26. d5 Bf6 27. dxe6 Bxc3 28. exf7+ Kh8 29. Qxc3 b5 30. f8R+ Rxf8 31. Bxb5 Qe4 32. Qc5 Rd8 33. Bf1 Rd1 34. Qxa7 Qe2 35. Qa8+ Kh7 36. Qg2 Qxg4 37. b3 Qf5 38. a4 Ra1 39. Qc6 Qd3 40. Qg2 Qxb3 41. Qe4+ Kh8 42. Qe8+ Qg8 43. Qe4 Qb8 44. Qc6 Re1 45. a5 Qe8 46. Qc4 Qe6 47. Qd3 Qe4 48. Qb5 Rb1 49. Qd7 Qc4 50. Qh3 Ra1 51. Qg2 Qa6 52. Qh3 Qxa5 53. Qd7 Re1 54. Kh2 Qa2 55. Qc8+ Qg8 56. Qa6 Qe6 57. Qd3 Qe4 58. Qd8+ Kh7 59. Bg2 Qf5 60. Qd4 Re2 61. Kg1 Re1+ 62. Kh2 Qh5+ 63. Bh3 Re7 64. Qf4 Rf7 65. Qd2 g6 66. Qa2 Re7 0-1

[Event "GER HS-236 email"]
[Site "GER email"]
[Date "2018.02.10"]
[Round "?"]
[White "Krumm, Guenther"]
[Black "Schmidt, Juergen"]
[Result "1/2-1/2"]
[WhiteElo "1851"]
[BlackElo "1904"]
[PlyCount "88"]
[EventDate "2018.02.19"]
[EventType "tourn (corr)"]
[EventRounds "6"]
[EventCountry "GER"]
[SourceTitle "Corr 2022"]
[Source "ChessBase"]
[SourceDate "2021.10.24"]
[SourceVersion "1"]
[SourceVersionDate "2021.10.24"]
[SourceQuality "1"]

1. d4 Nf6 2. c4 e6 3. Nf3 d5 4. Nc3 c6 5. Qd3 Be7 6. Bg5 dxc4 7. Qxc4 0-0 8. e4 h6 9. Bxf6 Bxf6 10. e5 Be7 11. Bd3 Qb6 12. 0-0-0 Rd8 13. Bb1 Qa6 14. Qb3 Nd7 15. Rhg1 Nf8 16. g4 c5 17. dxc5 Rxd1+ 18. Rxd1 Qc6 19. Ne4 Bxc5 20. Bc2 Be7 21. Nd6 Qc5 22. Qe3 Qxe3+ 23. fxe3 Rb8 24. Kb1 b6 25. Be4 Bd7 26. Kc2 g5 27. Kc3 Kg7 28. b3 Bxd6 29. Rxd6 Rc8+ 30. Kd2 f5 31. exf6+ Kxf6 32. Ke2 Rc1 33. Kd2 Ra1 34. a4 Ke7 35. Rd4 b5 36. axb5 Bxb5 37. Rb4 Ra2+ 38. Kc3 a6 39. Bd3 Bxd3 40. Kxd3 Nd7 41. Nd2 Ne5+ 42. Kc3 Ra1 43. Rb7+ Kd8 44. Rb6 Kd7 1/2-1/2

[Event "GER HS-235 email"]
[Site "GER email"]
[Date "2018.01.06"]
[Round "?"]
[White "Krumm, Guenther"]
[Black "Frotscher, Thomas"]
[Result "1/2-1/2"]
[WhiteElo "1819"]
[BlackElo "1969"]
[PlyCount "101"]
[EventDate "2018.01.15"]
[EventType "tourn (corr)"]
[EventRounds "6"]
[EventCountry "GER"]
[SourceTitle "Corr 2022"]
[Source "ChessBase"]
[SourceDate "2021.10.24"]
[SourceVersion "1"]
[SourceVersionDate "2021.10.24"]
[SourceQuality "1"]

1. d4 d5 2. c4 e5 3. dxe5 d4 4. Nf3 Nc6 5. Nbd2 Nge7 6. Nb3 Ng6 7. Nbxd4 Ngxe5 8. Nxe5 Nxe5 9. e3 Bc5 10. Bd2 Bxd4 11. exd4 Qxd4 12. Bc3 Qe4+ 13. Qe2 Nd3+ 14. Kd2 Qxe2+ 15. Kxe2 Nf4+ 16. Kf3 Ne6 17. Bd3 f6 18. Bc2 Kf7 19. Rad1 h5 20. h4 Nc5 21. Kg3 Be6 22. b3 Rad8 23. Bd4 b6 24. Rhe1 Nb7 25. Be3 Rxd1 26. Rxd1 Rc8 27. Kf4 g6 28. f3 Re8 29. g4 hxg4 30. fxg4 Bxg4 31. Kxg4 Rxe3 32. Rd7+ Ke6 33. Rxc7 Nd6 34. Rg7 Re2 35. Bxg6 Rxa2 36. h5 f5+ 37. Kf4 Rf2+ 38. Ke3 Rb2 39. h6 Rxb3+ 40. Kf4 Kf6 41. Bh7 Rd3 42. Rg6+ Kf7 43. c5 bxc5 44. Ke5 Nc4+ 45. Kxf5 Rd5+ 46. Kf4 Rd4+ 47. Kg3 Rd3+ 48. Kf2 Rd2+ 49. Ke1 Rh2 50. Ra6 Nb6 51. Rxa7+ 1/2-1/2

[Event "GER HS-232 email"]
[Site "GER email"]
[Date "2017.10.22"]
[Round "?"]
[White "Eschweiler, Martin"]
[Black "Krumm, Guenther"]
[Result "0-1"]
[WhiteElo "1209"]
[BlackElo "1881"]
[PlyCount "30"]
[EventDate "2017.11.05"]
[EventType "tourn (corr)"]
[EventRounds "6"]
[EventCountry "GER"]
[SourceTitle "Corr 2020"]
[Source "ChessBase"]
[SourceDate "2019.09.30"]
[SourceVersion "1"]
[SourceVersionDate "2019.09.30"]
[SourceQuality "1"]

1. d4 Nf6 2. Bf4 c5 3. c3 Qb6 4. Qb3 Qxb3 5. axb3 cxd4 6. Bxb8 Rxb8 7. Rxa7 e5 8. cxd4 Bb4+ 9. Nd2 exd4 10. f3 d6 11. g4 Bd7 12. Kd1 Nd5 13. Nh3 h5 14. g5 Ne3+ 15. Ke1 Nxf1 0-1

[Event "GER HS-232 email"]
[Site "GER email"]
[Date "2017.10.22"]
[Round "?"]
[White "Krumm, Guenther"]
[Black "Hild, Harald"]
[Result "0-1"]
[WhiteElo "1881"]
[BlackElo "1968"]
[PlyCount "60"]
[EventDate "2017.11.05"]
[EventType "tourn (corr)"]
[EventRounds "6"]
[EventCountry "GER"]
[SourceTitle "Corr 2020"]
[Source "ChessBase"]
[SourceDate "2019.09.30"]
[SourceVersion "1"]
[SourceVersionDate "2019.09.30"]
[SourceQuality "1"]

1. d4 f5 2. Nf3 g6 3. g3 Nf6 4. Bg2 Bg7 5. 0-0 0-0 6. Qd3 d6 7. Rd1 e6 8. c4 Nc6 9. Nc3 Qe8 10. Qc2 h6 11. b3 e5 12. dxe5 dxe5 13. Nd5 Qf7 14. Nxf6+ Qxf6 15. Bb2 a5 16. Rd2 Qe7 17. Rad1 a4 18. bxa4 Kh7 19. e4 f4 20. Bc1 Bg4 21. Qb3 fxg3 22. hxg3 Qf6 23. Ba3 Rf7 24. Rd3 Nd4 25. Rxd4 exd4 26. e5 Qb6 27. Rd3 Qxb3 28. axb3 Re8 29. Nxd4 Rxe5 30. f3 Re1+ 0-1

[Event "GER HS-232 email"]
[Site "GER email"]
[Date "2017.10.22"]
[Round "?"]
[White "Reichgeld, Manfred"]
[Black "Krumm, Guenther"]
[Result "1-0"]
[WhiteElo "1981"]
[BlackElo "1881"]
[PlyCount "75"]
[EventDate "2017.11.05"]
[EventType "tourn (corr)"]
[EventRounds "6"]
[EventCountry "GER"]
[SourceTitle "Corr 2020"]
[Source "ChessBase"]
[SourceDate "2019.09.30"]
[SourceVersion "1"]
[SourceVersionDate "2019.09.30"]
[SourceQuality "1"]

1. d4 Nf6 2. c4 e6 3. Nf3 b6 4. g3 Bb7 5. Bg2 Be7 6. 0-0 0-0 7. Nc3 Ne4 8. Qc2 Nxc3 9. Qxc3 c5 10. Rd1 d6 11. b3 Bf6 12. Bb2 Qe7 13. Qc2 Nc6 14. e3 Rac8 15. Qe2 Rfd8 16. Rac1 h6 17. h4 Nb4 18. Bc3 Na6 19. e4 cxd4 20. Nxd4 Nc5 21. Nb5 Bxc3 22. Nxc3 Bc6 23. Rd2 Qb7 24. Rcd1 Qe7 25. f4 e5 26. f5 Kf8 27. Bf3 a5 28. Qe3 Kg8 29. Rh2 Bb7 30. Rf1 Qd7 31. f6 Kh7 32. fxg7 Kxg7 33. Bg2 Qe7 34. Bh3 Rb8 35. Rhf2 Ra8 36. Rxf7+ Qxf7 37. Rxf7+ Kxf7 38. Qxh6 1-0

[Event "GER HS-225 email"]
[Site "GER email"]
[Date "2017.05.31"]
[Round "?"]
[White "Dahm, Winfried Karl"]
[Black "Krumm, Guenther"]
[Result "1-0"]
[WhiteElo "1812"]
[BlackElo "1881"]
[PlyCount "87"]
[EventDate "2017.06.06"]
[EventType "tourn (corr)"]
[EventRounds "6"]
[EventCountry "GER"]
[SourceTitle "Corr 2020"]
[Source "ChessBase"]
[SourceDate "2019.09.30"]
[SourceVersion "1"]
[SourceVersionDate "2019.09.30"]
[SourceQuality "1"]

1. e4 c5 2. Nc3 g6 3. g3 Bg7 4. Bg2 Nc6 5. d3 d6 6. Nge2 Nf6 7. 0-0 0-0 8. h3 Bd7 9. g4 Nd4 10. Nxd4 cxd4 11. Ne2 Qb6 12. c3 dxc3 13. bxc3 Qa5 14. Be3 Rac8 15. a4 b6 16. Bd2 Qa6 17. c4 Ne8 18. Nc3 Nc7 19. f4 Bc6 20. f5 gxf5 21. Rxf5 Ne6 22. Nd5 Qb7 23. Ra2 Bd4+ 24. Kh1 Qd7 25. Bh6 Ng7 26. Rf1 f6 27. Nb4 Bb7 28. Nc2 Bc3 29. Na3 Bc6 30. Nb5 Bxb5 31. axb5 Bd4 32. h4 e6 33. Bh3 Rf7 34. Qf3 Qe7 35. Be3 Bxe3 36. Qxe3 Rd8 37. Qh6 d5 38. exd5 exd5 39. Bg2 dxc4 40. dxc4 Ne8 41. Bd5 Rxd5 42. cxd5 Qe4+ 43. Rg2 Qxd5 44. g5 1-0

[Event "GER HS-225 email"]
[Site "GER email"]
[Date "2017.05.31"]
[Round "?"]
[White "Krumm, Guenther"]
[Black "Kunze, Juergen"]
[Result "1/2-1/2"]
[WhiteElo "1881"]
[BlackElo "1958"]
[PlyCount "52"]
[EventDate "2017.06.06"]
[EventType "tourn (corr)"]
[EventRounds "6"]
[EventCountry "GER"]
[SourceTitle "Corr 2020"]
[Source "ChessBase"]
[SourceDate "2019.09.30"]
[SourceVersion "1"]
[SourceVersionDate "2019.09.30"]
[SourceQuality "1"]

1. d4 Nf6 2. c4 g6 3. Nc3 d5 4. cxd5 Nxd5 5. e4 Nxc3 6. bxc3 Bg7 7. Nf3 c5 8. Rb1 0-0 9. Be2 cxd4 10. cxd4 Qa5+ 11. Qd2 Qxd2+ 12. Bxd2 b6 13. 0-0 Bb7 14. d5 Ba6 15. Bxa6 Nxa6 16. Be3 f5 17. e5 f4 18. Bc1 Rad8 19. Rd1 Nc7 20. d6 exd6 21. Ba3 Ne6 22. Bxd6 Rf7 23. Rbc1 Rfd7 24. Rc6 Bf8 25. Kf1 Nc5 26. Rd4 Bxd6 1/2-1/2

[Event "GER HS-226 email"]
[Site "GER email"]
[Date "2017.05.31"]
[Round "?"]
[White "Kuehn, Juergen"]
[Black "Krumm, Guenther"]
[Result "1-0"]
[WhiteElo "1959"]
[BlackElo "1964"]
[PlyCount "121"]
[EventDate "2017.06.06"]
[EventType "tourn (corr)"]
[EventRounds "6"]
[EventCountry "GER"]
[SourceTitle "Corr 2020"]
[Source "ChessBase"]
[SourceDate "2019.09.30"]
[SourceVersion "1"]
[SourceVersionDate "2019.09.30"]
[SourceQuality "1"]

1. d4 Nf6 2. c4 e6 3. Nf3 d5 4. Nc3 Be7 5. Bf4 0-0 6. e3 Nc6 7. Rc1 h6 8. Bg3 Ne4 9. a3 Nxg3 10. hxg3 Na5 11. c5 b6 12. b4 bxc5 13. bxa5 cxd4 14. exd4 Bxa3 15. Rc2 c5 16. Be2 Bb4 17. 0-0 c4 18. Ne5 Bd7 19. Qa1 Be8 20. Ra2 f6 21. Nf3 Rb8 22. Bd1 Qd6 23. Ne1 Qc7 24. Nc2 Bd6 25. Re1 Bf7 26. Ne3 Bb4 27. Nc2 Bd6 28. Ne3 Bb4 29. Bc2 Bd6 30. Ba4 Bb4 31. Bd1 Rb7 32. Nc2 Bd6 33. Bg4 Re8 34. Ne3 Rb3 35. Rc1 Reb8 36. Bd1 R3b7 37. Ba4 Bb4 38. Bc2 Qd8 39. Nf1 Qd6 40. Ba4 Bxa5 41. Be8 Bb4 42. Bxf7+ Rxf7 43. Ra6 Rb6 44. Rxa7 Rxa7 45. Qxa7 Bxc3 46. Rxc3 Rb1 47. Re3 Qc6 48. Qa5 Kf7 49. Re1 Qb7 50. Ne3 Rxe1+ 51. Qxe1 Qb2 52. Qd1 f5 53. g4 f4 54. Nc2 Kf6 55. Qd2 g5 56. Qd1 Ke7 57. Ne1 Kd6 58. Kf1 Ke7 59. Nf3 Qb5 60. Kg1 Qb6 61. Qa4 1-0

[Event "GER HS-213 email"]
[Site "GER email"]
[Date "2016.10.17"]
[Round "?"]
[White "Krumm, Guenther"]
[Black "Ott, Peter"]
[Result "0-1"]
[WhiteElo "1943"]
[BlackElo "1930"]
[PlyCount "134"]
[EventDate "2016.10.24"]
[EventType "tourn (corr)"]
[EventRounds "6"]
[EventCountry "GER"]
[SourceTitle "Corr 2020"]
[Source "ChessBase"]
[SourceDate "2019.09.30"]
[SourceVersion "1"]
[SourceVersionDate "2019.09.30"]
[SourceQuality "1"]

1. d4 f5 2. Nf3 Nf6 3. c4 g6 4. g3 Bg7 5. Bg2 d6 6. 0-0 0-0 7. Nc3 c6 8. h3 Na6 9. Be3 Qc7 10. Qb3 Nh5 11. c5+ d5 12. Bg5 e5 13. Nxd5 cxd5 14. Qxd5+ Kh8 15. Nxe5 Nf6 16. Bxf6 Bxf6 17. f4 Qg7 18. Qb3 Nc7 19. Rad1 Be6 20. d5 Bg8 21. Qc3 a5 22. b3 Rae8 23. d6 Ne6 24. a3 g5 25. e3 Nd8 26. d7 Re7 27. Rd3 Be6 28. Rfd1 Rg8 29. Bxb7 Rxd7 30. Bg2 Rxd3 31. Rxd3 Nf7 32. Nxf7+ Qxf7 33. Qxa5 Bxb3 34. Qd2 gxf4 35. exf4 Bc4 36. Rd7 Qg6 37. Rd6 Qxg3 38. Rxf6 Re8 39. Rf8+ Rxf8 40. Qd4+ Qg7 41. Qxc4 Rg8 42. Qe2 h6 43. c6 Qa1+ 44. Kh2 Qxa3 45. Qd2 Qe7 46. Qb2+ Rg7 47. Qb8+ Kh7 48. Qb1 Kg6 49. Qg1 Qa7 50. Qe1 Re7 51. Qg3+ Kh7 52. h4 Qd4 53. Qf3 Rg7 54. Kh3 Ra7 55. Kh2 Ra5 56. c7 Qc4 57. c8Q Qxc8 58. Qd3 Qe6 59. Qc3 Ra7 60. Qc2 Rg7 61. Bh3 Kh8 62. Qf2 Qf6 63. h5 Qf7 64. Qe2 Qd7 65. Qe3 Qc6 66. Qd2 Qb6 67. Bg2 Qc7 0-1

[Event "GER HS-202 email"]
[Site "GER email"]
[Date "2016.04.21"]
[Round "?"]
[White "Billinger, Werner"]
[Black "Krumm, Guenther"]
[Result "1/2-1/2"]
[WhiteElo "1964"]
[BlackElo "1971"]
[PlyCount "57"]
[EventDate "2016.04.27"]
[EventType "tourn (corr)"]
[EventRounds "6"]
[EventCountry "GER"]
[SourceTitle "Corr 2020"]
[Source "ChessBase"]
[SourceDate "2019.09.30"]
[SourceVersion "1"]
[SourceVersionDate "2019.09.30"]
[SourceQuality "1"]

1. b4 Nf6 2. Bb2 e6 3. a3 a5 4. b5 d5 5. e3 Bd6 6. c4 Nbd7 7. Nf3 0-0 8. Be2 dxc4 9. Bxc4 Qe7 10. 0-0 e5 11. d3 Nb6 12. Nbd2 a4 13. Re1 Bg4 14. e4 Rfd8 15. h3 Bxf3 16. Qxf3 g6 17. d4 exd4 18. e5 Bxe5 19. Rac1 Rd7 20. Qxb7 Qd6 21. Qf3 Re8 22. Ba2 d3 23. Rc6 Bxb2 24. Rxe8+ Nxe8 25. Rxd6 Nxd6 26. Qxd3 Ndc4 27. Qxd7 Nxd7 28. Nxc4 Bc1 29. Bb1 1/2-1/2

[Event "GER HS-202 email"]
[Site "GER email"]
[Date "2016.04.21"]
[Round "?"]
[White "Schmidt, Joerg"]
[Black "Krumm, Guenther"]
[Result "1/2-1/2"]
[WhiteElo "2039"]
[BlackElo "1971"]
[PlyCount "55"]
[EventDate "2016.04.27"]
[EventType "tourn (corr)"]
[EventRounds "6"]
[EventCountry "GER"]
[SourceTitle "Corr 2020"]
[Source "ChessBase"]
[SourceDate "2019.09.30"]
[SourceVersion "1"]
[SourceVersionDate "2019.09.30"]
[SourceQuality "1"]

1. Nf3 Nf6 2. d4 d5 3. c4 c6 4. Nc3 dxc4 5. a4 Bf5 6. Ne5 Nbd7 7. Nxc4 Qc7 8. g3 e5 9. dxe5 Nxe5 10. Bf4 Nfd7 11. Bg2 f6 12. 0-0 Nc5 13. Ne3 Bg6 14. b4 Ne6 15. b5 Rd8 16. Qb3 Nd4 17. Qb2 Bc5 18. Rac1 Qe7 19. bxc6 bxc6 20. Bxe5 fxe5 21. Bxc6+ Nxc6 22. Qb5 0-0 23. Ncd5 Qe6 24. Qxc5 Nd4 25. Ne7+ Kh8 26. Nxg6+ Qxg6 27. Qc4 h5 28. Rce1 1/2-1/2

[Event "GER-ch 2014-A email"]
[Site "GER email"]
[Date "2015.06.15"]
[Round "?"]
[White "Gnilka, Thomas Aloysius"]
[Black "Krumm, Guenther"]
[Result "1-0"]
[WhiteElo "1918"]
[BlackElo "1988"]
[PlyCount "65"]
[EventDate "2015.??.??"]
[EventType "tourn (corr)"]
[EventRounds "10"]
[EventCountry "GER"]
[SourceTitle "Corr 2020"]
[Source "ChessBase"]
[SourceDate "2019.09.30"]
[SourceVersion "1"]
[SourceVersionDate "2019.09.30"]
[SourceQuality "1"]

1. e4 c5 2. Nf3 Nc6 3. Bb5 g6 4. 0-0 Bg7 5. Nc3 d6 6. e5 dxe5 7. Bxc6+ bxc6 8. Re1 f6 9. d3 Nh6 10. Be3 Qa5 11. Nd2 Nf5 12. Nce4 Nxe3 13. Rxe3 Bh6 14. Nc4 Qc7 15. Re1 0-0 16. Nxc5 a5 17. a3 a4 18. b4 axb3 19. cxb3 Rd8 20. b4 Rd4 21. h3 Bf8 22. Rc1 Kg7 23. Na5 Rd5 24. Rc3 Rxa5 25. bxa5 Qxa5 26. Qc1 e6 27. Nb3 Qa7 28. Rxc6 Bd7 29. Rc7 Qb6 30. Qc2 Be7 31. Rb1 Kf7 32. Nd2 Qa5 33. Rbb7 1-0